00854nam a2200205 4500001000700000003000900007005001700016007000300033008004100036100003100077245017600108260006800284300003900352650003600391700002500427700003900452852002000491999001900511952011800530115938ES-MaACL20231230062955.0t|061121s1947 sp r ||||1| spa d1 aOrtiz Muñoz, Luis98763210aSemana Santa en Sevilla / cintroducción y acotaciones literarias Luis Ortiz Muñoz ; antología fotográfica de Luis Arenas ; prólogo de Joaquín Romero y Marube. aMadrid : b[s.n.], c1947 (eVitoria : fHuecograbado Fournier) aXIX, 309 p., 192 lám. ; c32 cm. 4aSemana Santa-zSevilla.91392421 aArenas, Luis.9225991 aRomero y Marube, Joaquín.999452 aES-MaACLjB-756 c115938d115938 00104070aATENEOMbATENEOMcSPBd2008-01-17eSCl0oB-756p1120902r2023-02-23 00:00:00w2023-02-23yMONOGRAFIA